LEADER 01128cam2-2200373---450- 001 990002206800203316 005 20120726091204.0 035 $a000220680 035 $aUSA01000220680 035 $a(ALEPH)000220680USA01 035 $a000220680 100 $a20041124d1970----km-y0itay50------ba 101 0 $aita 102 $aIT 105 $aa|||||||001yy 200 1 $aAbruzzo e Molise$fMario Fondi 210 $aTorino$cUnione tipografico-editrice torinese$d1970 215 $aXIV, 632 p., [9] carte di tav.$cill.$d29 cm 225 2 $a<> regioni d'Italia$v12 410 0$1001000368069$12001$a<> regioni d'Italia$v, 12 607 $aAbruzzo$2BNCF 607 $aMolise$2BNCF 676 $a914.571 700 1$aFONDI,$bMario$0486711 801 0$aIT$bsalbc$gISBD 912 $a990002206800203316 951 $aIII.1. 3656 12(Coll. GN 12)$b28168 E.C.$cIII.1.$d00275861 959 $aBK 969 $aUMA 979 $aSIAV4$b10$c20041124$lUSA01$h0953 979 $aRSIAV2$b90$c20101110$lUSA01$h0850 979 $aANNAMARIA$b90$c20120726$lUSA01$h0912 996 $aAbruzzo e Molise$9906596 997 $aUNISA LEADER 01280nam--2200385---450- 001 990001737670203316 005 20060127150415.0 035 $a000173767 035 $aUSA01000173767 035 $a(ALEPH)000173767USA01 035 $a000173767 100 $a20040609d1979----km-y0itay0103----ba 101 0 $aita 102 $aIT 105 $aa|||||||001yy 200 1 $aArte italiana e arte tedesca con altre congiunture fra Italia ed Europa$e1939-1969$earte italiana e arte tedesca, i fiamminghi e l'Italia...$fRoberto Longhi 210 $aFirenze$cSansoni$d1979 215 $a155 p.$cill.$d26 cm. 225 2 $aEdizione delle opere complete di Roberto Longhi$v9 410 0$12001$aEdizione delle opere complete di Roberto Longhi$v9 454 1$12001 461 1$1001-------$12001 606 0 $aArte italiana 606 0 $aArte tedesca 676 $a709.45 700 1$aLONGHI,$bRoberto$036305 801 0$aIT$bsalbc$gISBD 912 $a990001737670203316 951 $aXII.2.D. 515/9(VII E 217/9)$b88421 L.M.$cVII E 959 $aBK 969 $aUMA 979 $aSIAV8$b10$c20040609$lUSA01$h1003 979 $aCOPAT6$b90$c20060127$lUSA01$h1504 996 $aArte italiana e arte tedesca con altre congiunture fra Italia ed Europa$9252896 997 $aUNISA